Score 0/29 Timer 03:00
0 Plays Today
Hint 4 Letter Word % Correct
☹____ 70'S SHOW ☹☹ THAT ☹
94.7%
Rolling Stone JaggerMICK
92.4%
☹ PARASITE ☹☹ TICK ☹
91.9%
Clockish soundTOCK
89.9%
Fireside conversationCHAT
87.4%
____ Astaire, Mertz, or FlintstoneFRED
87.2%
Ran awayFLED
83.9%
Toucan's snoutBEAK
82%
Mickey, Fievel, and DespereauxMICE
81.7%
Produced offspringBRED
78.6%
Heap or stackPILE
77.3%
Paint layerCOAT
77.2%
Soccer starPELE
76.4%
☹ KIND OF MARKET OR CIRCUS ☹☹ FLEA ☹
76.1%
Udder spigotTEAT
73.4%
Hint 4 Letter Word % Correct
Shower with stonesPELT
72.8%
☹ TINY ARTHROPOD ☹☹ MITE ☹
72.5%
Guitar virtuoso, Jeff ____BECK
71.6%
Strong beerBOCK
71.6%
Boggy mossPEAT
71.5%
☹ LOVE AT FIRST ____☹ BITE: ☹
71.3%
☹ ____ MORAN OR BUNNY ☹☹ BUGS ☹
67.6%
BitternessBILE
67.3%
Tennis great, ____ GilbertBRAD
65.9%
Glass wampum unitBEAD
64.1%
Clockwork partsCOGS
57.8%
Where midges swarmBOGS
56.5%
Cote soundsCOOS
45.1%
Deranged duffer?COOT
45.1%

Today's Daily Dose

Missing Word
'T' Pairs

Word Ladder
Game Pieces

Get the Picture
Baseball Movies

Remove Ads.
Support Sporcle.
Get the best of Sporcle when you Go Orange. This ad-free experience offers more features, more stats, and more fun while also helping to support Sporcle. Thank you for becoming a member.

You're not logged in!

Compare scores with friends on all Sporcle quizzes.
OR
Log In

Show Comments

Extras

Top Quizzes Today


Score Distribution

Your Account Isn't Verified!

In order to create a playlist on Sporcle, you need to verify the email address you used during registration. Go to your Sporcle Settings to finish the process.

Report this User

Report this user for behavior that violates our Community Guidelines.

Details: